The illustrated book of the dog /

Bibliographic Details
Main Author: Shaw, Vero Kemball
Other Authors: Stables, Gordon, 1840-1910
Format: Book
Language:English
Published: London, New York [etc.] : Cassell & company, limited, [1881?]
Subjects:

MARC

Tag First Indicator Second Indicator Subfields
LEADER 00000cam a2200000 4500
001 in00000043736
005 20151007075001.0
008 730515s1881 enkf 00010 eng u
010 |a  12023800  
035 |a (OCoLC)00621710 
035 |9 AAF2433AM 
040 |c KSU  |d TXA  |d UtOrBLW 
049 |a TXAM  |c [44471] 
050 0 |a SF427  |b .S53 
092 |a 636.7  |b S53i 
100 1 |a Shaw, Vero Kemball. 
245 1 4 |a The illustrated book of the dog /  |c By Vero Shaw ... With an appendix on canine medicine and surgery, by W. Gordon Stables ... 
264 1 |a London,  |a New York [etc.] :  |b Cassell & company, limited,  |c [1881?] 
300 |a 3 pages ., [v]-viii, 664 pages including plates. ;  |c 28 col. pl. (incl. front.) ;  |c 23 x 22 cm. 
336 |a text  |b txt  |2 rdacontent 
337 |a unmediated  |b n  |2 rdamedia 
338 |a volume  |b nc  |2 rdacarrier 
650 0 |a Dogs. 
700 1 |a Stables, Gordon,  |d 1840-1910. 
999 |a MARS 
999 f f |s a99956ff-166a-3627-b8f0-8fee9585ef95  |i f4e12fab-0e5a-3bb2-88c7-cb28054e5a1a  |t 0 
952 f f |p ric  |a Texas A&M University  |b Rellis Campus  |c Joint Library Facility  |d Remote Storage  |t 0  |e SF427 .S53  |h Library of Congress classification  |i unmediated -- volume  |m A14801093516 
998 f f |a SF427 .S53  |t 0  |l Remote Storage